MARC details
| 000 -CABECERA |
| campo de control de longitud fija |
01108nam a2200289 a 4500 |
| 005 - FECHA Y HORA DE LA ÚLTIMA TRANSACCIÓN |
| campo de control |
20240924071009.0 |
| 008 - ELEMENTOS DE LONGITUD FIJA--INFORMACIÓN GENERAL |
| campo de control de longitud fija |
991125s1990 ea 000 0 eng u |
| 020 ## - NÚMERO INTERNACIONAL NORMALIZADO PARA LIBROS |
| Número Internacional Estándar del Libro |
0852295316 |
| 035 ## - NÚMERO DE CONTROL DEL SISTEMA |
| Número de control de sistema |
UPN01000000143 |
| 049 ## - COLECCIÓN |
| Colección |
CG |
| 050 #4 - SIGNATURA TOPOGRÁFICA DE LA BIBLIOTECA DEL CONGRESO |
| Número de clasificación |
AC1 |
| Número de documento/Ítem |
G7 1990 v.33 |
| 100 1# - ASIENTO PRINCIPAL--NOMBRE PERSONAL |
| Nombre de persona |
Locke, John, |
| Fechas asociadas al nombre |
1632-1704 |
| 9 (RLIN) |
29023 |
| 245 12 - MENCIÓN DE TÍTULO |
| Título |
A letter concerning toleration ; Concerning civil government, second essay ; An essay concerning human understanding / |
| Mención de responsabilidad, etc. |
John Locke ; tr. by William Popple. |
| 250 ## - MENCIÓN DE EDICIÓN |
| Mención de edición |
2nd ed. |
| 260 ## - PUBLICACIÓN, DISTRIBUCIÓN, ETC. |
| Lugar de publicación, distribución, etc. |
Chicago, EUA : |
| Nombre del editor, distribuidor, etc. |
Encyclopaedia Britannica, |
| Fecha de publicación, distribución, etc. |
1990. |
| 300 ## - DESCRIPCIÓN FÍSICA |
| Extensión |
x, 509 p. |
| 440 #0 - MENCIÓN DE SERIE/ASIENTO SECUNDARIO--TÍTULO |
| Título |
Great books of the western world ; |
| Designación de volumen o secuencia |
33 |
| 501 ## - NOTA DE "CON" |
| Nota de “Con” |
Con: The principles of human knowledge / by George Berkeley -- An enquiry concerning human understanding / by David Hume. |
| 500 ## - NOTA GENERAL |
| Nota general |
Biografías: p. ix, p.399, p. 447 |
| 650 #2 - ASIENTO SECUNDARIO DE MATERIA - TERMINO TEMATICO |
| Término de materia o nombre geográfico como elemento de entrada |
Ciencia |
| Subdivisión de forma |
Colecciones |
| 9 (RLIN) |
9879 |
| 650 #4 - ASIENTO SECUNDARIO DE MATERIA - TERMINO TEMATICO |
| Término de materia o nombre geográfico como elemento de entrada |
Ciencias políticas |
| Subdivisión de forma |
Trabajos anteriores a 1800 |
| 9 (RLIN) |
8078 |
| 650 #2 - ASIENTO SECUNDARIO DE MATERIA - TERMINO TEMATICO |
| Término de materia o nombre geográfico como elemento de entrada |
Tolerancia |
| 9 (RLIN) |
1399 |
| 650 #7 - ASIENTO SECUNDARIO DE MATERIA - TERMINO TEMATICO |
| Término de materia o nombre geográfico como elemento de entrada |
Libertad |
| Fuente del encabezamiento o término |
|
| 9 (RLIN) |
5326 |
| 700 1# - ASIENTO SECUNDARIO--NOMBRE DE PERSONAL |
| Nombre de persona |
Berkeley, George, |
| Fechas asociadas al nombre |
1685-1753 |
| 700 1# - ASIENTO SECUNDARIO--NOMBRE DE PERSONAL |
| Nombre de persona |
Hume, David, |
| Fechas asociadas al nombre |
1711-1776 |
| 905 ## - TIPO DE MATERIAL |
| Tipo de material |
Libro |